Quizzes
Events
Quiz Creation
Community
Videos
Private Events
Remove Ads
Sign In
Join for FREE
Feedback
Dark Mode
Quiz Categories
Sports
Geography
Music
Movies
Television
Just For Fun
Miscellaneous
History
Literature
Language
Science
Gaming
Entertainment
Religion
Holiday
For Kids
Quiz Lab
Recent
Popular Today
Quiz Kudos Today
Editor Picks
Curator Picks
Quizzes by...
Day
Popularity
Type
Ratings
Length
Year
Community
Subscriptions
Recent Discussions
Orange Saloon
Badges
Playlists
Quests
Create
Leaderboards
Showdown
Live 5
Trivia Bingo
Activity
Puzzle Library
Sporcle Events
Private Events
Virtual Trivia
Globe League
Become a Host
Pub Owners
SporcleCon
Opinionation
Our Games
Videos
Blog
Mobile Apps
Partnerships
Remove Ads and Go Orange
Feedback
Sports
Athletes
MLB
NBA
NHL
NFL
Soccer
Sports Teams
WWE
NCAA
Football
Premier League
Basketball
Baseball
Hockey
Golf
Tennis
Cricket
Rugby
Auto Racing
Olympics
World Cup
Sports
Athletes
MLB
NBA
NHL
NFL
Soccer
Sports Teams
WWE
NCAA
Football
Premier League
Basketball
Baseball
Hockey
Golf
Tennis
Cricket
Rugby
Auto Racing
Olympics
World Cup
Random Quiz
Search Sporcle
×
Quiz Lab
Quiz Lab
Sports
MLB
Type in answers that appear in a list
Type in answers that appear in a list
Classic
Best Score? Go Orange.
MLB Most Tenured Player Stats
Can you name the player who has been on each MLB team the longest??
By
ccieri
8m
30 Questions
205 Plays
205 Plays
205 Plays
Comments
Comments
Give Quiz Kudos
Give Quiz Kudos
-
- Ratings
hide this ad
Forced Order
Answers have to be entered in order
Answers have to be entered in order
Replay
Link that replays current quiz
Next Quiz
Link to next quiz in quiz playlist
You Got
0%
They Got
Avg Score
52%
Avg Friend Score
Upgrade to see
Score Distribution
Jump to the score distribution portion of the page
Score
0/30
Timer
08:00
0
Plays Today
Team
Player
% Correct
Atlanta Braves
Chipper Jones
91.2%
Boston Red Sox
Tim Wakefield
79%
New York Yankees
Mariano Rivera
77.6%
Colorado Rockies
Todd Helton
76.6%
Chicago White Sox
Paul Konerko
71.7%
Chicago Cubs
Carlos Zambrano
70.2%
St. Louis Cardinals
Albert Pujols
68.3%
Philadelphia Phillies
Jimmy Rollins
65.4%
Seattle Mariners
Ichiro Suzuki
63.9%
Tampa Bay Rays
Carl Crawford
60.5%
Texas Rangers
Michael Young
60%
Toronto Blue Jays
Vernon Wells
59.5%
Cleveland Indians
Travis Hafner
56.6%
New York Mets
Jose Reyes or Pedro Feliciano
55.1%
Arizona Diamondbacks
Brandon Webb
52.2%
Team
Player
% Correct
Washington Nationals
Ryan Zimmerman
52.2%
Detroit Tigers
Brandon Inge
51.7%
San Diego Padres
Tim Stauffer or Adrian Gonzalez
51.7%
Cincinnati Reds
Aaron Harang
50.7%
Oakland Athletics
Eric Chavez
49.3%
Baltimore Orioles
Brian Roberts
48.8%
Florida Marlins
Josh Johnson
42.4%
San Francisco Giants
Matt Cain
40%
Minnesota Twins
Michael Cuddyer
32.7%
Kansas City Royals
David DeJesus
30.7%
Houston Astros
Wandy Rodriguez
29.8%
Milwaukee Brewers
Rickie Weeks
29.3%
Los Angeles Angels
Scot Shields
22.4%
Los Angeles Dodgers
Jonathan Broxton
21.5%
Pittsburgh Pirates
Ryan Doumit
15.1%
Quiz Playlist
Details
Report
Send in Message
Add To Playlist
Classic:
Type in answers that appear in a list
Forced Order:
Answers have to be entered in order
Last Updated: Feb 16, 2017
Quiz Scoreboard
CHALLENGE
Sign Up to Join the Scoreboard
Show All
Scores
Hide
Comments
May contain spoilers
Recently Published
Street Fighter Characters
by Artimus82
Gaming
60s
9x9 Crossword: Cartoon Network
by jackfrog10
Miscellaneous
3m
College Basketball Coaching Resumes
by pancakes188
Sports
9m
More to Explore
Quiz From the Vault
Featured Blog Post
Where Did the Easter Bunny Come From?
hide this ad
You Might Also Like...
Tags
Baseball Quiz
MLB Quiz
date
debut
Player
team
Tenured
Today's Top Quizzes in Sports
Browse Sports
hide this ad
Today's Top Quizzes in MLB
Browse MLB
Top Contributed Quizzes in Sports
1
2022 World Cup Stars
2
Les meilleurs buteurs des matchs entre le PSG et l’OM
3
FIFA Club World Cup Champions
4
Les entraîneurs de l'OM et du PSG au 21e siècle
5
Criteria MLB: Left Handed Sluggers
6
2023 MLB Unique Player Accomplishments
7
AFC Teams Reveal (Wrong Answers Minefield)
8
Players with Multiple 50 Home Run Seasons
9
5-to-1: FBS Animal Nicknames
10
5-to-1: UK Sports Teams
Explore More
Trending Topics
Crossword
NBA
Kpop
Anime
Harry Potter
Marvel
Disney
Puzzle
Country
Song
Soccer
WWE
The Office
Pokémon
NFL
hide this ad
More By:
ccieri
Quiz
Plays
Rating
Category
Featured
Created
MLB Most Tenured Player
205
5.00
Sports
Aug 2, 2010
Go to Creator's Profile
Score Distribution
Quiz Creator Spotlight
ccieri
Follow
Send a Message
Quizzes Created
-
Created Quiz Play Count
-
More By This Creator
Popular Quizzes Today
1
Find the US States - No Outlines Minefield
2
Find the Countries of Europe - No Outlines Minefield
3
The Countries of the World
4
Find the US States
5
Risky Map Clicking: Biggest States A-Z
6
US States
7
Popular People in 1961
8
Movies - When Are They Set?
More Sports Quizzes
Seven Stars: Boston Celtics Name Match
Quiz Lab
Trending Quizzes
Risky Map Clicking: Least Populous States A-Z
1-10 Letter G Words
Risky Map Clicking: Next State Alphabetically
Adjectives in 80s TV Shows
The Seven Year Switch: Catherine
Recently Updated
Leaping Animals
pecheneg
Reality TV Shows (A-Z)
bhenderson79
Rickey Henderson's Hall of Fame Teammates
pecheneg
Champions League XIs: Arsenal
pecheneg
Quick Pick: Celebrities in WWE's Hall of Fame
aduchscher
A-Z Keypad Blitz II
pecheneg
Multiple Oscar Actors
pecheneg
Mystery Phrase Blitz: Oscar 'Best Actors'
pecheneg
F. Scott Fitzgerald Novels
LTH
Pick 3 Villains
ddd62291
Trending Topics
Kpop
NBA
Marvel
Anime
Disney
Crossword
Harry Potter
Soccer
Puzzle
Pokémon
WWE
Country
Song
NFL
The Office
Your Account Isn't Verified!
In order to create a playlist on Sporcle, you need to verify the email address you used during registration. Go to your
Sporcle Settings
to finish the process.
Report this User
Report this user for behavior that violates our
Community Guidelines
.
Details:
Send Report
Go to the Sporcle.com Mobile Site →
Comments